La ruptura Moscú-Pekin / (Record no. 102423)

MARC details
000 -LEADER
campo de control de longitud fija 00682nam a2200229 i 4500
001 - NÚMERO DE CONTROL
campo de control 102423
003 - IDENTIFICADOR DE NÚMERO DE CONTROL
campo de control ES-MaACL
005 - FECHA Y HORA DE LA ÚLTIMA TRANSACCIÓN
campo de control 20250904081646.0
007 - CAMPO FIJO DE DESCRIPCIÓN FÍSICA--INFORMACIÓN GENERAL
campo de control de longitud fija t|
008 - DATOS DE LONGITUD FIJA--INFORMACIÓN GENERAL
campo de control de longitud fija 051110s1968 sp |||| | spa d
080 ## - NÚMERO DE LA CLASIFICACIÓN DECIMAL UNIVERSAL
Número de la Clasificación Decimal Universal 327(47:51)
100 1# - ENTRADA PRINCIPAL--NOMBRE DE PERSONA
Nombre de persona Meray, Tibor.
9 (RLIN) 80406
245 13 - MENCIÓN DEL TÍTULO
Título La ruptura Moscú-Pekin /
Mención de responsabilidad, etc. Tibor Meray; [versión española de Fernando de Castro].
250 ## - MENCION DE EDICION
Mención de edición 1ª ed.
260 ## - PUBLICACIÓN, DISTRIBUCIÓN, ETC.
Lugar de publicación, distribución, etc. Barcelona :
Nombre del editor, distribuidor, etc. Luis de Caralt,
Fecha de publicación, distribución, etc. 1968.
300 ## - DESCRIPCIÓN FÍSICA
Extensión 334 p. ;
Dimensiones 22 cm.
651 #4 - PUNTO DE ACCESO ADICIONAL DE MATERIA--NOMBRE GEOGRÁFICO
Nombre geográfico URSS-
Subdivisión general Relaciones-
Subdivisión geográfica China.
9 (RLIN) 9485
651 #4 - PUNTO DE ACCESO ADICIONAL DE MATERIA--NOMBRE GEOGRÁFICO
Nombre geográfico China-
Subdivisión general Relaciones-
Subdivisión cronológica URSS.
9 (RLIN) 8061
700 1# - ENTRADA AGREGADA--NOMBRE PERSONAL
Nombre de persona Castro Polinio, Fernando
9 (RLIN) 150502
852 ## - LOCALIZACIÓN
Ubicación ES-MaACL
Número de control de estantería F-6248
Holdings
Estatus retirado Estado de pérdida Estado de daño No para préstamo Biblioteca de origen Biblioteca actual Ubicación en estantería Fecha de adquisición Fuente de adquisición Total de préstamos Signatura topográfica completa Código de barras Visto por última vez Precio de reemplazo Tipo de ítem Koha
        Biblioteca del Ateneo de Madrid Biblioteca del Ateneo de Madrid Depósito 2 17/01/2008     F-6248 1106917 23/02/2023 23/02/2023 Libro impreso